Гуманитарные науки: исследования и методика преподавания в высшей школе (Запись № 1659643)
[ простой вид ]
| 000 -МАРКЕР | |
|---|---|
| контрольное поле | 01770nam1a2200325 i 4500 |
| 001 - ИДЕНТИФИКАТОР ЗАПИСИ | |
| контрольное поле | RU\NLR\bibl\892641 |
| 005 - ИДЕНТИФИКАТОР ВЕРСИИ | |
| контрольное поле | 20260407102642.0 |
| 035 ## - ДРУГИЕ СИСТЕМНЫЕ НОМЕРА | |
| Идентификатор записи | (NLR Aleph) 000881132 |
| 100 ## - ДАННЫЕ ОБЩЕЙ ОБРАБОТКИ | |
| Данные общей обработки | 20051222g20059999k y0rusy50 ca |
| 101 0# - ЯЗЫК РЕСУРСА | |
| Язык текста, звукозаписи и т.д. | русский |
| 102 ## - СТРАНА ПУБЛИКАЦИИ ИЛИ ПРОИЗВОДСТВА | |
| Страна публикации | российская федерация |
| 105 ## - ПОЛЕ КОДИРОВАННЫХ ДАННЫХ: ТЕКСТОВЫЕ МАТЕРИАЛЫ, МОНОГРАФИЧЕСКИЕ | |
| Кодированные данные о монографическом текстовом документе | ||||z ||||| |
| 200 1# - ЗАГЛАВИЕ И СВЕДЕНИЯ ОБ ОТВЕТСТВЕННОСТИ | |
| Основное заглавие | Гуманитарные науки: исследования и методика преподавания в высшей школе |
| Сведения, относящиеся к заглавию | материалы Второй всероссийской научно-методической конференции, г. Сочи, 6-7 мая 2003 г. |
| -- | в 2 ч. |
| Первые сведения об ответственности | отв. ред. А.А. Черкасов |
| 210 ## - ПУБЛИКАЦИЯ, РАСПРОСТРАНЕНИЕ И ДР. | |
| Место издания, распространения и т.д. | Сочи |
| Имя издателя, распространителя и т. д. | РИО СГУТиКД |
| Дата издания, распространения и т.д. | 2005 |
| 215 ## - ФИЗИЧЕСКАЯ ХАРАКТЕРИСТИКА | |
| Размеры | 21 |
| 300 ## - ОБЩИЕ ПРИМЕЧАНИЯ | |
| Текст примечания | В надзаг.: М-во образования и науки Рос. Федерации, Соч. гос. ун-т туризма и курорт. дела, Социал.-пед. ин-т |
| 463 #0 - УРОВЕНЬ ФИЗИЧЕСКОЙ ЕДИНИЦЫ | |
| Встроенное поле | 001878749 |
| 463 #0 - УРОВЕНЬ ФИЗИЧЕСКОЙ ЕДИНИЦЫ | |
| Встроенное поле | 001894449 |
| 606 ## - НАИМЕНОВАНИЕ ТЕМЫ КАК ПРЕДМЕТ | |
| Наименование темы | Общественные науки |
| Формальный подзаголовок | Съезды, совещания и т.п. |
| Системный номер авторитетной/нормативной записи | 1112139 |
| Идентификатор авторитетной/нормативной записи | RU\NLR\auth\66119728 |
| 606 ## - НАИМЕНОВАНИЕ ТЕМЫ КАК ПРЕДМЕТ | |
| Наименование темы | Гуманитарные науки |
| Формальный подзаголовок | Съезды, совещания и т.п. |
| Тематический подзаголовок | Преподавание |
| -- | Высшая школа |
| Системный номер авторитетной/нормативной записи | 2430077 |
| Идентификатор авторитетной/нормативной записи | RU\NLR\auth\661446485 |
| 686 ## - ИНДЕКСЫ ДРУГИХ КЛАССИФИКАЦИЙ | |
| Индекс | С.я431 |
| 686 ## - ИНДЕКСЫ ДРУГИХ КЛАССИФИКАЦИЙ | |
| Индекс | Ч486.302я431 |
| 702 #1 - ИМЯ ЛИЦА - ВТОРИЧНАЯ ОТВЕТСТВЕННОСТЬ | |
| Начальный элемент ввода | Черкасов |
| Часть имени, кроме начального элемента ввода | А. А. |
| Код отношения | Редактор |
| 712 02 - НАИМЕНОВАНИЕ ОРГАНИЗАЦИИ - ВТОРИЧНАЯ ОТВЕТСТВЕННОСТЬ | |
| Код отношения | Прочие |
| Начальный элемент ввода | Сочинский государственный университет туризма и курортного дела |
| Структурное подразделение | Социально-педагогический институт |
| Идентификатор авторитетной/нормативной записи | RU\NLR\AUTH\8810057561 |
| Системный номер авторитетной/нормативной записи | 616082 |
| 801 #0 - ИСТОЧНИК ЗАПИСИ | |
| Страна | российская федерация |
| Организация | NLR |
| Дата составления | 20051222 |
| Правила каталогизации | rcr |
| 801 #1 - ИСТОЧНИК ЗАПИСИ | |
| Страна | российская федерация |
| Организация | NLR |
| Дата составления | 20051222 |
| 852 ## - МЕСТОНАХОЖДЕНИЕ И ШИФР ХРАНЕНИЯ | |
| Идентификатор организации | NLR |
| Шифр хранения (Call Number) | 2005-3/34218 |
| 942 ## - ДОПОЛНИТЕЛЬНЫЕ ЭЛЕМЕНТЫ ЗАПИСИ (АБИС) | |
| Тип экземпляра АБИС | Книга |
Нет доступных экземпляров.